| 000 | 02116cam a22004694i 4500 | ||
|---|---|---|---|
| 003 | PE-LiUPU | ||
| 005 | 20250731172958.0 | ||
| 008 | 150623s r 000 0 d | ||
| 020 | _a0800629922 | ||
| 035 | _a(Sirsi) i9780800629922 | ||
| 040 |
_aPE-LiUPU _bspa _cPE-LiUPU _erda |
||
| 049 | _aPRUA | ||
| 082 | 0 | 4 |
_a226.5077 _bM19 _221 |
| 100 | 1 |
_aMalina, Bruce J., _eautor. |
|
| 245 | 1 | 0 |
_aSocial-Science commentary on the gospel of John / _cBruce J. Malina. |
| 264 | 1 |
_aMinneapolis, MN : _bFortress Press, _c1998. |
|
| 300 |
_a325 páginas : _bilustraciones fotos ; _c22.5 centímetros |
||
| 336 |
_atext _2rdacontent |
||
| 337 |
_aunmediated _2rdamedia |
||
| 338 |
_avolume _2rdacarrier |
||
| 504 | _aIncluye bibliografía. | ||
| 505 | 0 | _aThe gospel of John. -Outline of the gospel and reading scenarios. -Presenting Jesus of Nazareth, Israel's messiah. -Jesus began bringing life to Israel: from Galilee to Jerusalem and back. -Jesu´s bringing life to Israel provoked controversy in Jerusalem and Galilee. -Jesus brought light and life to the Jerusalem temple. -Judean´s reactions to Jesu´s bringing light and life to Jerusalem. -As last public act, Jesus brought life to a beloved friend (like us). -The close of the story of Jesus' public offer of light and life to Israel. -Passover in Jerusalem: What Jesus said and did during his last meal with his friends (like Us). | |
| 526 | _aSEG42 | ||
| 526 | _aSEG41 | ||
| 526 | _aSEG40 | ||
| 526 | _aSEG39 | ||
| 526 | _aP94 | ||
| 526 | _aP87 | ||
| 526 | _aP86 | ||
| 526 | _aP85 | ||
| 526 | _aP77 | ||
| 526 | _aP76 | ||
| 526 | _aP35 | ||
| 630 |
_aBiblia. _pN.T. _xComentarios. |
||
| 700 | 1 | _aRohrbaugh, Richard L. | |
| 942 |
_2ddc _cBOOK |
||
| 949 |
_a226.5077 M19 _wDEWEY _c1 _i45383 _lCCODEBUL1 _mBUL _r0 _sY _tBOOK _u2015-6-24 _xTEOLOGIA _PP35 _0COMPRA _o.STAFF. Colección General |
||
| 994 |
_aC0 _bPEPRU |
||
| 596 | _a1 | ||
| 999 |
_a226.5077 M19 _wDEWEY _c22249 _i45383 _f2021-11-9 _g5 _lCCODEBUL1 _mBUL _r0 _sY _tBOOK _u2015-6-24 _xTEOLOGIA _PP35 _0COMPRA _o.STAFF. Colección General _d22249 |
||
| 980 |
_81 _gALBERTO SANCHEZ Responsable de Automatización |
||